书目信息 |
| 题名: |
健康土壤学
|
|
| 作者: | 周启星 主编 | |
| 分册: | ||
| 出版信息: | 北京 科学出版社 2005 |
|
| 页数: | 375页 | |
| 开本: | 24cm | |
| 丛书名: | 华夏英才基金学术文库 | |
| 单 册: | ||
| 中图分类: | S15 , S3 | |
| 科图分类: | ||
| 主题词: | 土壤--质量--研究 , 农产品--无污染技术--研究 , 土壤 , 质量 , 农产品 , 无污染技术 | |
| 电子资源: | ||
| ISBN: | 7-03-015199-2 | |
| 000 | 01318oam2 2200361 450 | |
| 001 | 002955757 | |
| 005 | 20070805110713.54 | |
| 010 | @a7-03-015199-2@dCNY49.00 | |
| 035 | @a002955757 | |
| 100 | @a20050628d2005 em y0chiy0110 ea | |
| 101 | 0 | @achi |
| 102 | @aCN@b110000 | |
| 105 | @ay z 000yy | |
| 106 | @ar | |
| 200 | 1 | @a健康土壤学@Ajian kang tu rang xue@e土壤健康质量与农产品安全@Etu rang jian kang zhi liang yu nong chan pin an quan@f周启星主编@Fzhou qi xing zhu bian |
| 210 | @a北京@c科学出版社@d2005 | |
| 215 | @a375页@d24cm | |
| 225 | 2 | @a华夏英才基金学术文库@Ahua xia ying cai ji jin xue shu wen ku |
| 330 | @a本书剖析了土壤健康的作用、意义及其所面临的挑战,从理论上论述土壤健康质量研究的重要性以及农产品安全应始终遵循的土壤健康规律等内容。 | |
| 461 | 0 | @1001012002060130@12001 @a华夏英才基金学术文库 |
| 510 | 1 | @aHealth Soil Science@eSoil Health Quality and Quality of Agricultural Products@zeng |
| 517 | 1 | @a土壤健康质量与农产品安全@Atu rang jian kang zhi liang yu nong chan pin an quan |
| 606 | 0 | @a土壤@x质量@x研究 |
| 606 | 0 | @a农产品@x无污染技术@x研究 |
| 606 | 0 | @a土壤 |
| 606 | 0 | @a质量 |
| 606 | 0 | @a农产品 |
| 606 | 0 | @a无污染技术 |
| 690 | @aS15@v4 | |
| 690 | @aS3@v4 | |
| 701 | 0 | @a周启星@Azhou qi xing@4主编 |
| 801 | 0 | @aCN@bNLC@c20070805 |
| 905 | @dS15@e66@f4 | |
| 健康土壤学:土壤健康质量与农产品安全/周启星主编.-北京:科学出版社,2005 |
| 375页;24cm.-(华夏英才基金学术文库) |
| ISBN 7-03-015199-2:CNY49.00 |
| 本书剖析了土壤健康的作用、意义及其所面临的挑战,从理论上论述土壤健康质量研究的重要性以及农产品安全应始终遵循的土壤健康规律等内容。 |
| ● |
| 相关链接 |
|
|
|
|
正题名:健康土壤学
索取号:S15/66
 
预约/预借
| 序号 | 登录号 | 条形码 | 馆藏地/架位号 | 状态 | 备注 |
| 1 | 0851706 | 208517069 | 第二样本阅览室/ [索取号:S15/66] | 在馆 | |
| 2 | 0851707 | 208517078 | 第三借阅区/ [索取号:S15/66] | 在馆 | |
| 3 | 0851708 | 208517087 | 第三借阅区/ [索取号:S15/66] | 在馆 | |
| 4 | 0851709 | 208517096 | 第三借阅区/ [索取号:S15/66] | 在馆 |